| 000 | 00467nam a2200181Ia 4500 | ||
|---|---|---|---|
| 005 | 20250508162815.0 | ||
| 008 | 008 250505s9999 xx 000 0 eng d | ||
| 037 | _aBooks to be hide in OPAC | ||
| 040 |
_aFEDL _beng _cFEDL |
||
| 041 |
_aeng _2eng |
||
| 084 |
_a370, AIU/O _qFEDL |
||
| 245 | 0 | _aQuestion bank: Book series (Commerce) | |
| 245 | 2 | _cA I U | |
| 260 | _c1985 | ||
| 300 | _a466p. | ||
| 942 |
_cHB _h370, AIU/O |
||
| 999 |
_c1378811 _d1378811 |
||